|
|
|
|
| LEADER |
00000nam0a2200000 4500 |
| 001 |
352382 |
| 005 |
20231102010507.0 |
| 035 |
|
|
|a (RuTPU)RU\TPU\retro\8903
|
| 090 |
|
|
|a 352382
|
| 100 |
|
|
|a 20191220d1897 k y0gery50 ba
|
| 101 |
0 |
|
|a ger
|
| 102 |
|
|
|a DE
|
| 105 |
|
|
|a y z 000zy
|
| 200 |
1 |
|
|a Ueber die Constitution von Hexahydrobenzol
|e [separat-abdruck]
|f N. Kijner
|
| 210 |
|
|
|a Leipzig
|c Johann Ambrisius Barth
|d 1897
|
| 215 |
|
|
|a S. 364-372
|
| 225 |
1 |
|
|a Journal für praktische Chemie
|v Neue Folge, Band 56
|
| 300 |
|
|
|a Vom Verfasser überreicht
|
| 320 |
|
|
|a Библиогр. в примеч.
|
| 541 |
1 |
|
|a О строении гексагидробензола
|z rus
|
| 606 |
1 |
|
|a Бензол
|x Химия
|2 stltpush
|3 (RuTPU)RU\TPU\subj\76571
|9 87581
|
| 610 |
1 |
|
|a коллекция ТПУ
|
| 610 |
1 |
|
|a оттиски
|
| 610 |
1 |
|
|a физические свойства
|
| 610 |
1 |
|
|a химические свойства
|
| 610 |
1 |
|
|a исследования
|
| 610 |
1 |
|
|a эксперименты
|
| 610 |
1 |
|
|a расчеты
|
| 610 |
1 |
|
|a температура
|
| 610 |
1 |
|
|a углеводород
|
| 610 |
1 |
|
|a химические реакции
|
| 610 |
1 |
|
|a азотная кислота
|
| 610 |
1 |
|
|a точка кипения
|
| 610 |
1 |
|
|a нитрирование
|
| 610 |
1 |
|
|a органические соединения
|
| 610 |
1 |
|
|a формулы
|
| 610 |
1 |
|
|a немецкий язык
|
| 675 |
|
|
|a 547.53
|v 4
|
| 700 |
|
1 |
|a Kijner
|b N.
|
| 801 |
|
1 |
|a RU
|b 63413507
|c 20191220
|
| 942 |
|
|
|c BK
|